000 00466nam a2200181Ia 4500
005 20250603145000.0
008 250603s9999 xx 000 0 und d
020 _a9780367639648
050 _aHF 5419.5 .J46/
100 _aJennings, William. L
245 0 _aFraud Investigation and forensic accounting in the real world
260 _aBoca Raton
260 _bCRC Press
260 _c2022
300 _axi, 635p.: ill.
650 _aBoca Raton
942 _cBK
999 _c40522
_d40522